Statistics for Ozzy Osbourne Songs quiz

Click here to take the quiz!

General Stats

  • This quiz has been taken 242 times
  • The average score is 34 of 113

Answer Stats

Blizzard Of Ozz% Correct
Crazy Train
95%
Bark at the Moon
82%
No More Tears
80%
Mr Crowley
79%
Diary of a Madman
75%
Mama, I'm Coming Home
72%
The Ultimate Sin
69%
I Don't Know
66%
Shot in the Dark
64%
Suicide Solution
64%
Flying High Again
63%
Over The Mountain
63%
Goodbye to Romance
59%
Dee
58%
Mr. Tinkertrain
54%
Hellraiser
52%
Perry Mason
52%
Rock 'n' Roll Rebel
50%
Miracle Man
49%
S.A.T.O.
49%
Steal Away (The Night)
49%
Revelation (Mother Earth)
48%
Believer
47%
I Don't Want to Change the World
45%
Killer of Giants
45%
No Bone Movies
45%
Never
44%
Thank God for the Bomb
43%
Black Rain
42%
Centre of Eternity
42%
Little Dolls
42%
Road to Nowhere
42%
Spiders
42%
Crazy Babies
41%
Demon Alcohol
41%
Desire
41%
Secret Loser
41%
Bloodbath in Paradise
39%
Devil's Daughter (Holy War)
39%
Lightning Strikes
39%
Never Know Why
39%
You Can't Kill Rock and Roll
39%
Dreamer
38%
Tonight
38%
Tattooed Dancer
37%
Fire in the Sky
36%
Hero
36%
Breakin' All the Rules
35%
S.I.N.
35%
I Just Want You
34%
Let Me Hear You Scream
34%
Now You See It (Now You Don't)
33%
A.V.H.
32%
See You on the Other Side
32%
Fool Like You
31%
So Tired
31%
You're No Different
31%
I Don't Wanna Stop
29%
Waiting for Darkness
29%
Aimee
25%
Tomorrow
23%
Zombie Stomp
23%
My Jekyll Doesn't Hide
22%
Ghost Behind My Eyes
21%
Junkie
20%
Party with the Animals
20%
You Lookin' at Me Lookin' at You
20%
My Little Man
19%
Time
19%
Back on Earth
18%
Gets Me Through
18%
Time After Time
18%
Old LA Tonight
17%
Thunder Underground
17%
Denial
15%
One Up the 'B' Side
15%
Slow Down
14%
Trap Door
14%
Don't Blame Me
13%
Let it Die
13%
Not Going Away
12%
The Almighty Dollar
12%
The Liar
11%
Facing Hell
10%
Life Won't Wait
10%
Soul Sucker
10%
Walk On Water
10%
11 Silver
9%
Alive
9%
Black Illusion
9%
Civilize the Universe
9%
Countdown's Begun
9%
Crucify
9%
Diggin' Me Down
9%
Here for You
9%
Whole World's Fallin' Down
9%
Jump the Moon
8%
Lay Your World on Me
8%
You Know... (Part 1)
8%
Can You Hear Them?
7%
Fearless
7%
I Love You All
7%
That I Never Had
7%
I Want It More
6%
Latimer's Mercy
6%
No Easy Way Out
6%
Running Out of Time
6%
No Place for Angels
5%
Hand of the Enemy
4%
Love to Hate
4%
Nightmare
4%
I Can't Save You
3%
One More Time
3%

Score Distribution

Percentile by Number Answered

Percent of People with Each Score

Your Score History

You have not taken this quiz